|
|
|
|
| LEADER |
00000cam a2200000 a 4500 |
| 001 |
vtls010458502 |
| 003 |
SK-MaSNL |
| 005 |
20260301132852.0 |
| 008 |
240318s2012 xo a j p 000 0 slo |
| 015 |
|
|
|a SNBA2013
|
| 020 |
|
|
|a 9788089530281
|q (brož.)
|
| 035 |
|
|
|a 9B80B05A-CC3C-40C6-8935-BB8EB7F7E608
|
| 035 |
|
|
|a urn:nbn:sk:snk-amjlqz
|
| 035 |
|
|
|a urn:nbn:sk:snk-am0016wx
|
| 040 |
|
|
|a SNK
|b slo
|c SNK
|e AACR2
|
| 041 |
0 |
|
|a slo
|
| 044 |
|
|
|a xo
|c SK
|
| 072 |
|
7 |
|a 53
|x Fyzika
|2 konspekt
|
| 072 |
|
7 |
|a 37.016
|x Učebné osnovy. Vyučovacie predmety. Učebnice
|2 konspekt
|
| 080 |
|
|
|a 53
|2 2001
|
| 080 |
|
|
|a (075.2)
|2 2001
|
| 080 |
|
|
|a (076.1)
|2 2001
|
| 100 |
1 |
|
|a Schreiberová, Janka
|4 aut
|9 484337
|
| 245 |
1 |
0 |
|a Hravá fyzika 7
|b pracovný zošit pre 7. ročník ZŠ a sekundu GOŠ
|c [Janka Schreiberová, Pavol Vajdečka, Eduard Skonc]
|
| 250 |
|
|
|a 1. vyd.
|
| 260 |
|
|
|a Košice
|b Taktik
|c 2012
|
| 300 |
|
|
|a 64 s.
|b fareb. fotogr., ilustr.
|c 25 cm
|
| 500 |
|
|
|a Názov z obalu
|
| 650 |
0 |
7 |
|a fyzika
|2 SNKPH
|9 816
|
| 650 |
0 |
7 |
|a Physics
|2 SNKPHeng
|9 266045
|
| 655 |
|
7 |
|a učebnice základných škôl
|2 SNKPH
|9 70187
|
| 655 |
|
7 |
|a učebnice stredných škôl
|2 SNKPH
|9 69323
|
| 655 |
|
7 |
|a pracovné zošity
|2 SNKPH
|9 70188
|
| 655 |
|
7 |
|a Textbooks (elementary)
|2 SNKPHeng
|9 276977
|
| 655 |
|
7 |
|a Textbooks (secondary)
|2 SNKPHeng
|9 276359
|
| 655 |
|
7 |
|a Activity books
|2 SNKPHeng
|9 302885
|
| 700 |
1 |
|
|a Vajdečka, Pavol
|4 aut
|9 342912
|
| 700 |
1 |
|
|a Skonc, Eduard
|4 aut
|9 313573
|
| 852 |
|
|
|a Štátna vedecká knižnica v Banskej Bystrici
|
| 919 |
|
|
|a 978-80-89530-28-1
|
| 999 |
|
|
|c 752196
|d 754126
|
| 952 |
|
|
|a SNK
|b SNK
|y PREZ
|7 0
|p 17A1059951
|o snkSC 152503
|i snk2013/123
|8 0
|0 0
|1 0
|4 0
|d 2013-01-03
|l 0
|r 2025-07-23 00:00:00
|w 2026-02-23
|
| 952 |
|
|
|a SNK
|b SNK
|y VYP
|7 0
|p 17A1059950
|o snkSC 152503 D1
|i snk2013/126
|8 0
|0 0
|1 0
|4 0
|d 2013-01-03
|f 1
|l 0
|r 2026-02-23 23:36:37
|w 2026-02-23
|